Water treatment (Record no. 61511)

MARC details
000 -LEADER
fixed length control field 00539nam a2200145 a 4500
008 - FIXED-LENGTH DATA ELEMENTS--GENERAL INFORMATION
fixed length control field 120416s1971 xx |||||||||||||| || u
050 ## - LIBRARY OF CONGRESS CALL NUMBER
Classification number TD 430 Jam
100 ## - MAIN ENTRY--PERSONAL NAME
Personal name James, G. V
245 10 - TITLE STATEMENT
Title Water treatment
246 ## - VARYING FORM OF TITLE
Title proper/short title a survey of current methods of purifying domestic supplies and treating industrial effluents and dom
250 ## - EDITION STATEMENT
Edition statement 4th rev. &
260 ## - PUBLICATION, DISTRIBUTION, ETC.
Date of publication, distribution, etc. 1971
350 ## - PRICE (NR) (BK AM CF MU VM SE) [OBSOLETE]
Price 0.00
995 ## - RECOMMENDATION 995 [LOCAL, UNIMARC FRANCE]
-- 0.00
-- CBU-MAIN LIBRARY (Kitwe)
-- 1
-- 4.20
-- AVAILABLE
-- Main Library Open Access Collection
Holdings
Withdrawn status Lost status Source of classification or shelving scheme Damaged status Not for loan Home library Current library Shelving location Date acquired Total Checkouts Full call number Barcode Date last seen Price effective from Koha item type
          CBU-MAIN LIBRARY, KITWE. CBU-MAIN LIBRARY, KITWE.   11/30/2022   TD 430 Jam 015702 11/30/2022 11/30/2022 MONOGRAPH